| 000 | 00000nas##2200000za#4500 |
| 001 | 9.503472 |
| 003 | CaOODSP |
| 005 | 20200331213225 |
| 007 | cr ||||||||||| |
| 008 | 150406c1997||||xxc|| p o||||f| |0fre|d |
| 022 | |a1493-5341 |
| 040 | |aCaOODSP|bfre |
| 043 | |an-cn--- |
| 086 | 1 |aF35F-PDF |
| 110 | 1 |aCanada.|bMinistère des finances.|bPlacements Épargne Canada. |
| 245 | 10|aPlacements épargne Canada -- rapport annuel |h[ressource électronique] |
| 260 | |aOttawa - Ontario : |bFinances Canada. |
| 310 | |aAnnuel |
| 362 | 1 |a1997/1998 -- |
| 500 | |a«Organisme de service spécial du ministère fédéral des Finances, Placements Épargne Canada (PEC) a pour rôle de gérer le volet de la dette nationale placé sur le marché de détail – en partenariat avec la Direction de la politique du secteur financier du ministère et la Banque du Canada.»--Rapport annuel de 2004-2005. |
| 691 | 07|aFinances publiques|2gcpds |
| 691 | 07|aGestion de la dette|2gcpds |
| 775 | 08|tCanada Investment and Savings - annual report |w(CaOODSP)9.507080 |